000 01137nam a2200349 a 4500
003 BLK
005 20230717114946.0
008 180408b bul|||||r ||||||| ||bul||
010 _aKNG00042130000
020 _a0-916515-49-4
040 _aBLK
041 _aENG
_cENG
080 _aБалет. Изпълнители, актьори
_b792.8.071.2
_x(092)
_z792.8.071.2(092)
080 _b929 Соколова, Лидия
_z929 Соколова, Лидия
139 _aDancing for Diaghilev
_bС 50
_fS 70
_gС 50
245 1 0 _aDancing for Diaghilev
_bThe memoirs of Lidia Sokolova
_ced. by Richard Buckle.
257 _aUSA
260 _bMercury House
_c1989
_aSan Francisco
300 _a287 c., 8 л.
_bил.
_c21 см
380 _a7
490 _aThe Lively Arts Series
600 1 4 _aСоколова, Лидия
_9276316
600 0 _aSokolva, lidiya
_9408756
700 1 _aBuckle, Richard
_eed. by
_96359
852 _aЦб 175817
_bЦб
856 4 _qpdf
856 4 _qpdf
942 _cKNG
_n0
_s1
944 _aCR
_c15.01.2003
_k30542
_lРусанова Ирена
944 _aED
_c17.07.2023
_kир
999 _c38864
_d38864
999 _d38864